[Event "Sachsen-ch U10"]
[Site "Sebnitz"]
[Date "2006.04.22"]
[Round "7"]
[White "Herrlich, Tobias"]
[Black "Ohme, Markus"]
[Result "0-1"]
[WhiteElo "1000"]
[BlackElo "1195"]
[PlyCount "62"]
[EventDate "2006.04.18"]
[EventType "swiss"]
[EventRounds "7"]
[EventCountry "GER"]
[SourceTitle "EXT 2007"]
[Source "ChessBase"]
[SourceDate "2006.11.23"]
[SourceVersion "1"]
[SourceVersionDate "2006.11.23"]
[SourceQuality "1"]

1. e4 c5 2. Nf3 Nc6 3. d4 cxd4 4. Nxd4 Nf6 5. Nc3 e5 6. Ndb5 d6 7. Bg5 a6 8. Na3 b5 9. Nd5 Be7 10. Bxf6 Bxf6 11. c3 Bg5 12. Nc2 Ne7 13. Nce3 Bxe3 14. Nxe3 Bb7 15. Bd3 0-0 16. a4 Qd7 17. 0-0 d5 18. exd5 Nxd5 19. Qh5 Nf6 20. Qe2 bxa4 21. Rfd1 Qc6 22. f3 e4 23. fxe4 Nxe4 24. Nf5 Rfe8 25. Qg4 Qb6+ 26. Kh1 Nf2+ 27. Kg1 Nxg4+ 28. Kh1 Nf2+ 29. Kg1 Nxd1+ 30. Kh1 Re1+ 31. Bf1 Rxf1# 0-1

[Event "Sachsen-ch U10"]
[Site "Sebnitz"]
[Date "2006.04.20"]
[Round "4"]
[White "Jacob, Tobias"]
[Black "Herrlich, Tobias"]
[Result "0-1"]
[WhiteElo "1089"]
[BlackElo "1000"]
[PlyCount "122"]
[EventDate "2006.04.18"]
[EventType "swiss"]
[EventRounds "7"]
[EventCountry "GER"]
[SourceTitle "EXT 2007"]
[Source "ChessBase"]
[SourceDate "2006.11.23"]
[SourceVersion "1"]
[SourceVersionDate "2006.11.23"]
[SourceQuality "1"]

1. e4 c5 2. Nf3 d6 3. d4 cxd4 4. Nxd4 Nf6 5. Nc3 e6 6. Bg5 Be7 7. Bc4 Nc6 8. Qd2 0-0 9. 0-0-0 a6 10. f4 Qc7 11. h4 b5 12. Bb3 b4 13. Na4 Nxe4 14. Qe3 Nxg5 15. hxg5 Nxd4 16. Rxd4 d5 17. Qh3 h6 18. gxh6 g6 19. h7+ Kh8 20. Qf3 Bd7 21. Re1 Rac8 22. Rd2 Bh4 23. Rh1 Bf6 24. Re1 Bxa4 25. Bxa4 a5 26. Kb1 Rb8 27. g4 Qb7 28. Rd3 d4 29. Qxb7 Rxb7 30. Re2 Kxh7 31. Rh2+ Kg7 32. g5 Be7 33. Rdh3 Rg8 34. Rh7+ Kf8 35. b3 Bd6 36. Rf2 Rc7 37. Rh3 Rc3 38. Rxc3 dxc3 39. Rf3 Rh8 40. Rf1 Bxf4 41. Rd1 Ke7 42. Rd7+ Kf8 43. Rd8+ Kg7 44. Rxh8 Kxh8 45. a3 e5 46. Be8 Kg7 47. Bc6 Bxg5 48. Be4 f5 49. Bxf5 gxf5 50. axb4 axb4 51. Ka2 f4 52. Ka1 f3 53. Kb1 f2 54. Ka2 e4 55. Kb1 f1Q+ 56. Ka2 Qf2 57. Ka1 e3 58. Kb1 e2 59. Ka2 Be7 60. Kb1 e1Q+ 61. Ka2 Qxc2# 0-1